| 000 | 01169naa a22003497a 4500 | ||
|---|---|---|---|
| 001 | BR8105969 | ||
| 003 | BR-BrBNA | ||
| 005 | 20240918174907.0 | ||
| 007 | ta | ||
| 008 | 230509b bl.||||| |||| 00| 0 por d | ||
| 040 |
_aBR-BrBNA _bpor _cBiblioteca Nacional de Agricultura |
||
| 041 | _a(Pt) | ||
| 072 |
_aF60; H50 _b1845 _b3801 |
||
| 090 | _aF60 BR8105969 | ||
| 100 | 1 | _aFernandes, P.D. | |
| 100 | 1 | _aHaag, H.P. | |
| 245 | 1 |
_aDiferencas nutricionais entre as variedades de pimentao (Capsicum annuum L.), Avelar e Ikeda [exigencia nutricional, deficiencia mineral] _bParte de tese |
|
| 260 | 3 |
_aCampinas, SP (Brasil): _c1981. |
|
| 500 | _aNutricao mineral em hortalicas Campinas, SP (Brasil): 1981. p. 533-554 (BR8105969-AM)F60 | ||
| 650 | _aPIMENTAO | ||
| 650 | _aVARIEDADE | ||
| 650 | _aMACROELEMENTO | ||
| 650 | _aNUTRIENTE | ||
| 650 | _aDEFICIENCIA MINERAL | ||
| 650 | _aEXIGENCIA NUTRICIONAL | ||
| 650 | _aABSORCAO | ||
| 650 | _aCRESCIMENTO | ||
| 650 | _aANALISE QUIMICA | ||
| 773 | 0 |
_tNutricao mineral em hortalicas _wF60 BR8105969 _gCampinas, SP (Brasil), 1981. p. 533-554 |
|
| 909 |
_a202404 _bLucia _c55 _dLucia Elande |
||
| 942 |
_cAM _2AGRIS |
||
| 999 |
_c314259 _d314259 |
||